THE NEW LEADERSHIP CHALLENCE (Record no. 59208)
[ view plain ]
| 000 -LEADER | |
|---|---|
| fixed length control field | 00345nam a22001457a 4500 |
| 008 - FIXED-LENGTH DATA ELEMENTS--GENERAL INFORMATION | |
| fixed length control field | 221219b ||||| |||| 00| 0 eng d |
| 020 ## - INTERNATIONAL STANDARD BOOK NUMBER | |
| International Standard Book Number | 9780803626065 |
| 041 ## - LANGUAGE CODE | |
| Language code of text/sound track or separate title | eng |
| 080 ## - UNIVERSAL DECIMAL CLASSIFICATION NUMBER | |
| Edition identifier | FOURTH EDITION |
| Universal Decimal Classification number | 610.73 |
| 082 ## - DEWEY DECIMAL CLASSIFICATION NUMBER | |
| Classification number | 610.73GRO |
| 100 ## - Rafti | |
| Rafti | 7 |
| 101 ## - Shkurtesa | |
| Shkurtesa | INF |
| 245 ## - TITLE STATEMENT | |
| Title | THE NEW LEADERSHIP CHALLENCE |
| Statement of responsibility, etc | GROSSMAN C SH |
| 942 ## - ADDED ENTRY ELEMENTS (KOHA) | |
| Source of classification or shelving scheme | |
| Item type | Books |
| Withdrawn status | Lost status | Source of classification or shelving scheme | Damaged status | Not for loan | Collection code | Permanent location | Current location | Date acquired | Total Checkouts | Full call number | Barcode | Date last seen | Price effective from | Koha item type |
|---|---|---|---|---|---|---|---|---|---|---|---|---|---|---|
| Koleksioni i përgjithshem | UBT - Lipjan | UBT - Lipjan | 12/19/2022 | 610.73GRO | 002-8000287002601193 | 12/19/2022 | 12/19/2022 | Books | ||||||
| Koleksioni i përgjithshem | UBT - Lipjan | UBT - Lipjan | 12/19/2022 | 610.73GRO | 002-8000287002601194 | 12/19/2022 | 12/19/2022 | Books | ||||||
| Koleksioni i përgjithshem | UBT - Lipjan | UBT - Lipjan | 12/19/2022 | 610.73GRO | 002-8000287002601196 | 12/19/2022 | 12/19/2022 | Books | ||||||
| Koleksioni i përgjithshem | UBT - Lipjan | UBT - Lipjan | 12/19/2022 | 610.73GRO | 002-8000287002601197 | 12/19/2022 | 12/19/2022 | Books | ||||||
| Koleksioni i përgjithshem | UBT - Lipjan | UBT - Lipjan | 12/19/2022 | 610.73GRO | 002-8000287002601198 | 12/19/2022 | 12/19/2022 | Books | ||||||
| Koleksioni i përgjithshem | UBT - Lipjan | UBT - Lipjan | 03/29/2023 | 610.73GRO | 002-80004011 | 03/29/2023 | 03/29/2023 | Books |